| 000 | 03028nam a2200253 4500 | ||
|---|---|---|---|
| 003 | NALT | ||
| 005 | 20260304104740.0 | ||
| 008 | 260227b th ||||| |||| 00| 0 tha d | ||
| 040 | _aNALT | ||
| 090 |
_aKD 255.1 _bส226ก 2550 |
||
| 110 | 2 |
_aสำนักงานเลขาธิการสภาผู้แทนราษฎร. _bสำนักงานประธานสภาผู้แทนราษฎร. _bกลุ่มงานประธานสภาผู้แทนราษฎร _927840 |
|
| 245 | 1 | 0 |
_aการประชุมร่วมกันของประธานสภาผู้แทนราษฎร และประธานคณะกรรมาธิการสามัญของสภาผู้แทนราษฎร ตามรัฐธรรมนูญแห่งราชอาณาจักรไทย พุทธศักราช 2540 / _cกลุ่มงานประธานสภาผู้แทนราษฎร สำนักงานประธานสภาผู้แทนราษฎร สำนักงานเลขาธิการสภาผู้แทนราษฎร. |
| 250 | _aพิมพ์ครั้งที่ 1. | ||
| 260 |
_aกรุงเทพฯ : _bสำนักการพิมพ์ สำนักงานเลขาธิการสภาผู้แทนราษฎร, _c2550. |
||
| 300 |
_a17 หน้า ; _c20 ซม. |
||
| 505 | 2 | _aก. บทนำ -- ข. บทบาทอำนาจหน้าที่ของที่ประชุมร่วมกันของประธานสภาผู้แทนราษฎรและประธานคณะกรรมาธิการสามัญ ของสภาผู้แทนราษฎรทุกคณะ -- 1. อำนาจหน้าที่ตามรัฐธรรมนูญแห่งราชอาณาจักรไทย พุทธศักราช 2540 -- 2. อำนาจหน้าที่ตามพระราชบัญญัติสถาบันพระปกเกล้า พ.ศ. 2541 -- 3. อำนาจหน้าที่ตามข้อบังคับการประชุมสภาผู้แทนราษฎร พ.ศ. 2544 ข้อ 86 -- 4. การพิจารณาเรื่องสำคัญ ๆ ในวงงานของสภาผู้แทนราษฎรและรัฐสภา. | |
| 650 | 4 |
_aประธานสภาผู้แทนราษฎร _xหน้าที่ _967433 |
|
| 650 | 4 |
_aประธานคณะกรรมาธิการวิสามัญ สภาผู้แทนราษฎร _xหน้าที่ _926860 |
|
| 942 |
_2local _cLB |
||
| 996 |
_ajidapa.t _bACQSTF _c2026-02-27 |
||
| 996 |
_avaree.k _bLIBSTF _c2026-03-02 |
||
| 996 |
_asaiphon.d _bCATSTF _c2026-03-04 |
||
| 999 |
_c107819 _d107819 |
||
| 998 |
_j104 _k นางสาวสายฝน ดีงาม |
||